What Does BRICS Stand For - Statistics

General Stats
  • This quiz has been taken 29 times
  • The average score is 5 of 5
Answer Stats
Hint Answer % Correct
R Stands For Russia
100%
B Stands For Brazil
96%
C Stands For China
92%
S Stands For South Africa
92%
I Stands For India
88%
No matching quizzes found
Score Distribution
Percent of People with Each Score
Percentile by Number Answered
Your Score History
You have not taken this quiz